The Home mechanic's handbook; (Record no. 546015)

000 -LEADER
fixed length control field 00588cam a22001691 4500
082 ## - DEWEY DECIMAL CLASSIFICATION NUMBER
Classification number 621.9
Author Mark HOM
-- L-13, P-58
245 04 - TITLE STATEMENT
Title The Home mechanic's handbook;
Remainder of title an encyclopedia of tools, materials, methods, and directions.
260 ## - PUBLICATION, DISTRIBUTION, ETC.
Place of publication, distribution, etc. New York,
Name of publisher, distributor, etc. D. Van Nostrand company, inc.,
Date of publication, distribution, etc. 1945.
300 ## - PHYSICAL DESCRIPTION
Extent xviii, 804 p.
Other physical details illus., diagrs.
Dimensions 21 cm.
500 ## - GENERAL NOTE
General note By various authors.
526 ## - STUDY PROGRAM INFORMATION NOTE
Program name 0
Interest level 0
Reading level 0
Title point value 621_900000000000000_HOM
650 #0 - SUBJECT ADDED ENTRY--TOPICAL TERM
Topical term or geographic name entry element Buildings
General subdivision Repair and reconstruction.
9 (RLIN) 33962
650 #0 - SUBJECT ADDED ENTRY--TOPICAL TERM
Topical term or geographic name entry element MCE
9 (RLIN) 379
650 #0 - SUBJECT ADDED ENTRY--TOPICAL TERM
Topical term or geographic name entry element Metal-work.
9 (RLIN) 34700
650 #0 - SUBJECT ADDED ENTRY--TOPICAL TERM
Topical term or geographic name entry element Woodwork.
9 (RLIN) 41973
942 ## - ADDED ENTRY ELEMENTS (KOHA)
Source of classification or shelving scheme
Koha item type Book
Holdings
Withdrawn status Lost status Source of classification or shelving scheme Damaged status Not for loan Permanent Location Current Location Date acquired Total Checkouts Full call number Barcode Date last seen Price effective from Koha item type
          Military College of Engineering (MCE) Military College of Engineering (MCE) 06/02/2014   621.9 HOM MCE-28995 06/02/2014 06/02/2014 Book
© 2023 Central Library, National University of Sciences and Technology. All Rights Reserved.